Salud, luz, ciudad (Registro nro. 51668)
[ vista simple ]
| 000 -LÍDER | |
|---|---|
| Campo fijo de descripción fija | 01302aab a2200205 i 4500 |
| 001 - NÚMERO DE CONTROL | |
| Campo de control | 768714001 |
| 003 - IDENTIFICADOR DEL NÚMERO DE CONTROL | |
| Campo de control | CO-MdFUSB |
| 005 - FECHA Y HORA DE LA ULTIMA TRANSACCIÓN | |
| control field | 20240618062716.0 |
| 008 - ELEMENTOS DE LONGITUD FIJA -- INFORMACIÓN GENERAL | |
| Campo fijo de descripción fija -- Información general | 240418t1986 ag ||||| |||| 00| 0 spa d |
| 040 ## - FUENTE DE CATALOGACIÓN | |
| Idioma de catalogación | spa |
| Agencia que realiza la transcripción | CO-MdFUSB |
| 041 ## - CÓDIGO DE IDIOMA | |
| Código de idioma para texto/pista de sonido o título separado | spa |
| 100 1# - ASIENTO PRINCIPAL--NOMBRE PERSONAL | |
| Nombre personal | Driver, Juan (1924-) |
| Término relacionador | autor |
| 245 ## - TÍTULO | |
| Título | Salud, luz, ciudad |
| Mención de responsabilidad | / Juan Driver |
| 300 ## - DESCRIPCIÓN FÍSICA | |
| Extensión | Volumen 5, número 3 y 4, (diciembre, 1986), páginas: 116 - 121 |
| Dimensiones | ; 27 cm |
| 520 ## - NOTA DE RESUMEN, ETC. | |
| Nota de sumario, etc. | El objetivo de esta investigación es demostrar que el uso de la metáfora sal, luz y ciudad en Mateo 5:13-16 es crucial para comprender la misión del pueblo de Dios tal como Jesús los vio. Pero para comprender el impacto de este significado, es necesario considerar el pasaje en relación con su contexto inmediato: a la luz de lo que vino antes. Reflejan el tipo de comunidad que se describe como bienaventurada, que vive y predica los valores resumidos con extraordinaria claridad en el Sermón de la Montaña. Sólo una comunidad así renovada es verdaderamente obra misionera desde el punto de vista de que Jesús fue la misión del pueblo de Dios. |
| 650 #7 - ASIENTO SECUNDARIO DE MATERIA - TERMINO TEMÁTICO | |
| Término temático o nombre geográfico como elemento de entrada | Sufrimiento |
| 9 (RLIN) | 281 |
| 650 #0 - ASIENTO SECUNDARIO DE MATERIA - TERMINO TEMÁTICO | |
| Término temático o nombre geográfico como elemento de entrada | Misiones |
| 9 (RLIN) | 154 |
| 773 0# - ASIENTO DE ITEM FUENTE | |
| Título | Iglesia y Misión |
| Biblionumber | 49402 |
| Itemnumber | 59679 |
| Parte(s) relacionada(s) / Volumen., número. (mes año), páginas | Volumen 5, número 3 y 4, (diciembre, 1986), páginas: 116 - 121 |
| Enumeración y primera página | página: 116 |
| 942 ## - TIPO DE MATERIAL (KOHA) | |
| Tipo de Item KOHA | Artículos de Revista |
No hay ítems disponibles.
